000 00613nam a22001937a 4500
005 20100804143710.0
010 _aENG-98157
020 _a9788189392048
_c499.00
035 _aEN-81690
037 _bDBAD/PUB
082 _aN
100 _aBarthakur, Jitendra Kumar
_96144
245 _aThangzakhai /
_cby Jitendra Kumar Barthakur
260 _aNew Delhi
_bKumud Books
_c2010
270 _aC8/8806 Vasant Kunj
_bNew Delhi
_e110070
300 _a491p.
_c21cm (Hb)
942 _2ddc
_cEN
_hN
_mBAR
999 _c39265
_d39265